00771cam a22002537a 4500003000500000005001700005008004100022010001000063011001000073020001500083035001000098040000900108082001500117100003800132245011000170260007300280300001100353410000900364490003500373650002900408700003600437810000900473830003500482CHAP20220329142058.0990601d1998 mx r 00010 spa d a78079 a79051 a9681658787 a89184 cCHAP04a632.58bV600aVillaseñor Ríos, José Luis.10aCatálogo de malezas de Méxicoc/ por José Luis Villaseñor Ríos y Francisco J. Espinosa García aMéxico, D.F. :bUniversidad Nacional Autónoma de Méxicoc1998. a448 p.00aUNAM 0aTexto Cientifico Universitario14aMalas hierbasxMéxico.0 aEspinosa García, Francisco J.00aUNAM00aTexto Cientifico Universitario